Moderno diccionario básico de sinonimos y antonimos /
Na minha lista:
| Autor principal: | |
|---|---|
| Formato: | Texto |
| Publicado em: |
Nueva York:
Editors press service
|
| Edição: | 3 |
| Tags: |
Adicionar Tag
Sem tags, seja o primeiro a adicionar uma tag!
|
MARC
| LEADER | 00000 a a2200000 04500 | ||
|---|---|---|---|
| 001 | 25728 | ||
| 003 | |||
| 040 | |||
| 090 | |a R 182500 | ||
| 100 | |a Fernandez Mara, Jorge | ||
| 245 | |a Moderno diccionario básico de sinonimos y antonimos / |c Jorge Fernandez Mara | ||
| 250 | |a 3 | ||
| 260 | |a Nueva York: |b Editors press service | ||
| 300 | |a 204 p. | ||
| 999 | |c 1779 |d 1779 | ||
